Legal aspects of banking operations : (Record no. 66366)

MARC details
000 -LEADER
fixed length control field 00453nam a22001457a 4500
005 - DATE AND TIME OF LATEST TRANSACTION
control field 20180728170102.0
020 ## - INTERNATIONAL STANDARD BOOK NUMBER
International Standard Book Number 1403926654
Terms of availability 260.00
035 ## - SYSTEM CONTROL NUMBER
System control number B-182328, B-182327
037 ## - SOURCE OF ACQUISITION
Stock number DPL
Source of stock number/acquisition ENG
245 ## - TITLE STATEMENT
Title Legal aspects of banking operations :
Remainder of title (For JAIIB examination) /
Statement of responsibility, etc by Indian Institute of Banking and finance
250 ## - EDITION STATEMENT
Edition statement rprn.
260 ## - PUBLICATION, DISTRIBUTION, ETC. (IMPRINT)
Place of publication, distribution, etc Delhi
Name of publisher, distributor, etc Macmillan
Date of publication, distribution, etc 2006
300 ## - PHYSICAL DESCRIPTION
Extent 599p.
Dimensions 20 cms.
942 ## - ADDED ENTRY ELEMENTS (KOHA)
Source of classification or shelving scheme Dewey Decimal Classification
Item type English Books
Classification part 332.1
Call number suffix LEG
Holdings
Withdrawn status Lost status Not for loan Collection code Home library Current library Date acquired Cost, normal purchase price Full call number Barcode Cost, replacement price Koha item type Source of acquisition
      Non-fiction Patel Nagar Patel Nagar 28/07/2018 260.00 332.1 LEG B-182327 260.00 English Books BPPD/PUB
      Non-fiction Sarojini Nagar Sarojini Nagar 09/05/2012 260.00 332.1 LEG B-182328 260.00 English Books  

© Delhi Public Library
Hit Counter
free hit counter